<?xml version="1.0" encoding="UTF-8"?>
<record
    xmlns:xsi="http://www.w3.org/2001/XMLSchema-instance"
    xsi:schemaLocation="http://www.loc.gov/MARC21/slim http://www.loc.gov/standards/marcxml/schema/MARC21slim.xsd"
    xmlns="http://www.loc.gov/MARC21/slim">

  <leader>01361    a2200241   4500</leader>
  <controlfield tag="005">20080908123330.0</controlfield>
  <controlfield tag="008">080908t        xxu||||| |||| 00| 0 hin d</controlfield>
  <datafield tag="010" ind1=" " ind2=" ">
    <subfield code="a">HIN-80125</subfield>
  </datafield>
  <datafield tag="020" ind1=" " ind2=" ">
    <subfield code="a">8126711353</subfield>
    <subfield code="c">150.00</subfield>
  </datafield>
  <datafield tag="035" ind1=" " ind2=" ">
    <subfield code="a">HN-52471</subfield>
  </datafield>
  <datafield tag="037" ind1=" " ind2=" ">
    <subfield code="b">D.B.Act / Pub</subfield>
  </datafield>
  <datafield tag="082" ind1=" " ind2=" ">
    <subfield code="a">530.11</subfield>
  </datafield>
  <datafield tag="100" ind1=" " ind2=" ">
    <subfield code="a">&#x932;&#x93E;&#x902;&#x926;&#x93E;&#x90A;, &#x932;&#x947;&#x935;</subfield>
  </datafield>
  <datafield tag="245" ind1=" " ind2=" ">
    <subfield code="a">&#x906;&#x92A;&#x947;&#x915;&#x94D;&#x937;&#x93F;&#x915;&#x924;&#x93E;-&#x938;&#x93F;&#x926;&#x94D;&#x927;&#x93E;&#x902;&#x924; &#x915;&#x94D;&#x92F;&#x93E; &#x939;&#x948;</subfield>
    <subfield code="c">&#x932;&#x947;&#x935;, &#x932;&#x93E;&#x902;&#x926;&#x93E;&#x90A; &#x924;&#x925;&#x93E; &#x92F;&#x942;&#x930;&#x940; &#x930;&#x942;&#x92E;&#x947;&#x930;;&#x905;&#x928;&#x941;&#x935;&#x93E;&#x926;&#x915; &#x917;&#x941;&#x923;&#x93E;&#x915;&#x930; &#x92E;&#x941;&#x933;&#x947;</subfield>
    <subfield code="b">&#x906;&#x907;&#x902;&#x938;&#x94D;&#x91F;&#x93E;&#x907;&#x928; &#x915;&#x940; &#x938;&#x902;&#x915;&#x94D;&#x937;&#x93F;&#x92A;&#x94D;&#x924; &#x91C;&#x940;&#x935;&#x928;&#x940; &#x938;&#x939;&#x93F;&#x924;</subfield>
  </datafield>
  <datafield tag="246" ind1=" " ind2=" ">
    <subfield code="b">Apekshita-Siddhant kya hai</subfield>
    <subfield code="a">By Lev Landau</subfield>
  </datafield>
  <datafield tag="260" ind1=" " ind2=" ">
    <subfield code="a">&#x928;&#x908; &#x926;&#x93F;&#x932;&#x94D;&#x932;&#x940;</subfield>
    <subfield code="b">&#x930;&#x93E;&#x91C;&#x915;&#x92E;&#x932; &#x92A;&#x94D;&#x930;&#x915;&#x93E;&#x936;&#x928;</subfield>
    <subfield code="c">2006</subfield>
  </datafield>
  <datafield tag="270" ind1=" " ind2=" ">
    <subfield code="a">1-&#x92C;&#x940;, &#x928;&#x947;&#x924;&#x93E;&#x91C;&#x940; &#x938;&#x941;&#x92D;&#x93E;&#x937; &#x92E;&#x93E;&#x930;&#x94D;&#x917;</subfield>
    <subfield code="b">&#x928;&#x908; &#x926;&#x93F;&#x932;&#x94D;&#x932;&#x940;</subfield>
    <subfield code="e">110002</subfield>
  </datafield>
  <datafield tag="300" ind1=" " ind2=" ">
    <subfield code="a">128&#x92A;&#x943;</subfield>
    <subfield code="c">23&#x938;&#x947;&#x92E;&#x940;(&#x938;&#x91C;&#x93F;&#x932;&#x94D;&#x926;)</subfield>
    <subfield code="b">(&#x938;&#x91A;&#x93F;&#x924;&#x94D;&#x930;)</subfield>
  </datafield>
  <datafield tag="700" ind1=" " ind2=" ">
    <subfield code="a">&#x92F;&#x942;&#x930;&#x940; &#x930;&#x942;&#x92E;&#x947;&#x930;</subfield>
  </datafield>
  <datafield tag="700" ind1=" " ind2=" ">
    <subfield code="a">&#x92E;&#x941;&#x933;&#x947;, &#x917;&#x941;&#x923;&#x93E;&#x915;&#x930;</subfield>
  </datafield>
  <datafield tag="942" ind1=" " ind2=" ">
    <subfield code="a">dpl</subfield>
    <subfield code="c">HN</subfield>
    <subfield code="k">530.11 / &#x932;&#x93E;&#x902;&#x926;&#x93E;&#x90A;</subfield>
    <subfield code="2">ddc</subfield>
    <subfield code="h">530.11</subfield>
    <subfield code="m">&#x932;&#x93E;&#x902;&#x926;&#x93E;&#x90A;</subfield>
  </datafield>
  <datafield tag="999" ind1=" " ind2=" ">
    <subfield code="c">5033</subfield>
    <subfield code="d">5033</subfield>
  </datafield>
  <datafield tag="952" ind1=" " ind2=" ">
    <subfield code="0">0</subfield>
    <subfield code="1">0</subfield>
    <subfield code="4">0</subfield>
    <subfield code="7">0</subfield>
    <subfield code="a">DBAD</subfield>
    <subfield code="b">DBAD</subfield>
    <subfield code="d">2008-09-08</subfield>
    <subfield code="g">150.00</subfield>
    <subfield code="l">0</subfield>
    <subfield code="o">530.11 &#x932;&#x93E;&#x902;&#x926;&#x93E;&#x90A;</subfield>
    <subfield code="p">HN-52471</subfield>
    <subfield code="r">2008-09-15 00:00:00</subfield>
    <subfield code="t">1</subfield>
    <subfield code="u">5338</subfield>
    <subfield code="v">150.00</subfield>
    <subfield code="w">2008-09-15</subfield>
    <subfield code="y">HN</subfield>
  </datafield>
</record>
